RICS telecoms forum (Record no. 66726)
[ view plain ]
| 000 -LEADER | |
|---|---|
| fixed length control field | 01066cam a2200181 4500 |
| 008 - FIXED-LENGTH DATA ELEMENTS--GENERAL INFORMATION | |
| fixed length control field | 000000n2001 000 0 eng u |
| 035 ## - SYSTEM CONTROL NUMBER | |
| System control number | (Sirsi) u112023 |
| 245 ## - TITLE STATEMENT | |
| Title | RICS telecoms forum |
| 260 ## - PUBLICATION, DISTRIBUTION, ETC. | |
| Date of publication, distribution, etc. | 2001 |
| 490 ## - SERIES STATEMENT | |
| Series statement | RICS Press Release |
| Volume/sequential designation | (pr057) 9 April 2001 (2) |
| 520 ## - SUMMARY, ETC. | |
| Summary, etc. | A one day seminar "Telecoms- the future" covering a range of issues relating to the telecommunications industry was held at the RICS on 5 April 2001. Sponsored by the RICS Commercial Property Faculty and the Corporate Occupiers Group, it was attended by over 150 chartered surveyors, representing the supply and demand side of the telecommunications industry. A number of issues were discussed including the Telecommunications Act, planning, health and safety, site location and acquisition, and rents and training requirements within the industry. |
| 650 ## - SUBJECT ADDED ENTRY--TOPICAL TERM | |
| Topical term or geographic name entry element | TELECOMMUNICATIONS ACT 1984 |
| 650 ## - SUBJECT ADDED ENTRY--TOPICAL TERM | |
| Topical term or geographic name entry element | TELECOMMUNICATIONS INDUSTRY |
| 650 ## - SUBJECT ADDED ENTRY--TOPICAL TERM | |
| Topical term or geographic name entry element | RICS COMMERCIAL PROPERTY FACULTY |
| 650 ## - SUBJECT ADDED ENTRY--TOPICAL TERM | |
| Topical term or geographic name entry element | CORPORATE OCCUPIERS GROUP |
| 690 ## - LOCAL SUBJECT ADDED ENTRY--TOPICAL TERM (OCLC, RLIN) | |
| Topical term or geographic name as entry element | TRANSPORT AND COMMUNICATIONS |
| 942 ## - ADDED ENTRY ELEMENTS (KOHA) | |
| Suppress in OPAC | 0 |
| Withdrawn status | Lost status | Source of classification or shelving scheme | Damaged status | Not for loan | Home library | Current library | Shelving location | Date acquired | Total Checkouts | Barcode | Date last seen | Copy number | Price effective from | Koha item type |
|---|---|---|---|---|---|---|---|---|---|---|---|---|---|---|
| Dewey Decimal Classification | London | London | News article | 12/04/2001 | 112023-1001 | 06/08/2019 | 1 | 06/08/2019 | News article |